000 00783nas a2200253 4500
001 BR0302703
003 BR-BrBNA
005 20231205103838.0
007 ta
008 230509b bl.|||p| |||| 00| 00por d
040 _aBR-BrBNA
_bpor
_cBiblioteca Nacional de Agricultura
041 _a(Pt)
072 _aE50; E14
100 1 _aWedekin, I.
100 1 _aCastro, P.R. de
245 1 _aFome zero, imposto zero - Os governos precisam deixar de ser sócios famintos de um prato de comida
650 _aFOME
650 _aBAIXA RENDA
650 _aSOCIOLOGIA
650 _aPROJETO DE DESENVOLVIMENTO
773 0 _tAgroanalysis (Brazil)
_xISSN 0100-4298
_g(Dec 2002-Jan 2003), v. 22(10) p. 13-14
_wBR0302703
909 _a202311
_bLúcia
_c55
_dLúcia Elande
942 _2AGRIS
_n0
_cANA
999 _c175034
_d175034